Statistics for RuPaul's Drag Race Miss Congeniality (until S13)

Click here to take the quiz!

General Stats

  • This quiz has been taken 882 times
    (447 since last reset)
  • The average score is 10 of 13

Answer Stats

SeasonMiss Congeniality% Correct
Season 1Nina Flowers
90%
Season 9Valentina
90%
Season 7Katya
87%
Season 4Latrice Royale
86%
Season 6BenDeLaCreme
85%
Season 5Ivy Winters
85%
Season 2Pandora Boxx
80%
Season 10Monét X Change
77%
Season 8Cynthia Lee Fontaine
74%
Season 12Heidi N Closet
73%
Season 13LaLa Ri
73%
Season 11Nina West
73%
Season 3Yara Sofia
73%

Score Distribution

Percentile by Number Answered

Percent of People with Each Score

Your Score History

You have not taken this quiz since the last reset